[Event "66. Armenia ch 2006"]
[Site "Yerevan ARM"]
[Date "2006.03.23"]
[Round "8.4"]
[White "Kotanjian, Tigran"]
[Black "Minasian, Ara"]
[Result "1-0"]
[WhiteElo "2471"]
[BlackElo "2487"]
[PlyCount "87"]
[EventDate "2006.03.16"]
[EventType "tourn"]
[EventRounds "9"]
[EventCountry "ARM"]
[EventCategory "11"]
[Source "lmi"]
[SourceDate "2006.03.25"]

1. d4 f5 2. c4 Nf6 3. Nc3 e6 4. a3 Be7 5. Nf3 d6 6. g3 O-O 7. Bg2 Qe8 8. O-O
Nc6 9. b4 e5 10. d5 Nd8 11. c5 a5 12. cxd6 Bxd6 13. b5 b6 14. a4 Nb7 15. Nd2
Bb4 16. Bb2 Nd6 17. Rc1 e4 18. Na2 e3 19. Nb3 exf2+ 20. Rxf2 Nde4 21. Rf1 Bd6
22. Nc3 Nxg3 23. hxg3 Qe3+ 24. Rf2 Bxg3 25. Qf1 Ng4 26. Nd1 Qxb3 27. Rf3 Bh2+
28. Kh1 Qxa4 29. Rd3 Qxb5 30. d6 Ra7 31. Bc6 Bb7 32. Bxb7 Rxb7 33. Qf3 Ra7 34.
Rc6 Bxd6 35. Rb3 Qa4 36. Qd5+ Rf7 37. Bd4 Qa2 38. Bxb6 Qxe2 39. Bg1 Nf6 40.
Rb8+ Ne8 41. Rc2 Qh5+ 42. Rh2 Qg5 43. Rxe8+ Bf8 44. Bc5 1-0

[Event "66. Armenia ch 2006"]
[Site "Yerevan ARM"]
[Date "2006.03.23"]
[Round "8.5"]
[White "Yegiazarian, Arsen"]
[Black "Minasian, Artashes"]
[Result "0-1"]
[WhiteElo "2531"]
[BlackElo "2574"]
[PlyCount "82"]
[EventDate "2006.03.16"]
[EventType "tourn"]
[EventRounds "9"]
[EventCountry "ARM"]
[EventCategory "11"]
[Source "lmi"]
[SourceDate "2006.03.25"]

1. Nf3 g6 2. c4 Bg7 3. Nc3 c5 4. e3 Nf6 5. d4 O-O 6. Be2 d6 7. O-O Bf5 8. b3 e5
9. dxc5 dxc5 10. Bb2 Nc6 11. Nd5 Re8 12. Qc1 e4 13. Nxf6+ Bxf6 14. Rd1 Qe7 15.
Ne1 Rad8 16. a3 Rxd1 17. Bxd1 h5 18. Ra2 Ne5 19. Bc3 h4 20. Rd2 h3 21. g3 Nd3
22. Nxd3 exd3 23. Bf3 Rd8 24. Qa1 Bxc3 25. Qxc3 b6 26. Qa1 Qe6 27. Qf1 b5 28.
Bd5 Rxd5 29. cxd5 Qxd5 30. f3 c4 31. bxc4 bxc4 32. e4 Qd4+ 33. Qf2 Qa1+ 34. Qf1
Qc3 35. Qe1 Bc8 36. Kf2 Qxa3 37. Qe3 Ba6 38. Qxa7 c3 39. Qb8+ Qf8 40. Qxf8+
Kxf8 41. Ra2 c2 0-1

[Event "66. Armenia ch 2006"]
[Site "Yerevan ARM"]
[Date "2006.03.24"]
[Round "9.3"]
[White "Petrosian, Tigran L"]
[Black "Kalashian, David"]
[Result "0-1"]
[WhiteElo "2558"]
[BlackElo "2319"]
[PlyCount "108"]
[EventDate "2006.03.16"]
[EventType "tourn"]
[EventRounds "9"]
[EventCountry "ARM"]
[EventCategory "11"]
[Source "lmi"]
[SourceDate "2006.03.25"]

1. e4 c5 2. Nf3 d6 3. d4 cxd4 4. Nxd4 Nf6 5. Nc3 a6 6. Be3 e5 7. Nf3 Qc7 8. a4
b6 9. Nd5 Nxd5 10. Qxd5 Nc6 11. Ng5 Rb8 12. Bc4 Nd8 13. Qd3 a5 14. Qc3 Qa7 15.
f4 f6 16. Nf3 d5 17. Bb5+ Bd7 18. Qd3 d4 19. O-O-O Rb7 20. Qb3 Nf7 21. fxe5
fxe5 22. Nxe5 Nxe5 23. Qe6+ Be7 24. Qxe5 dxe3 25. Rxd7 Rxd7 26. Qxg7 Rf8 27.
Rd1 Kd8 28. Rd4 Rxd4 29. Qxd4+ Kc8 30. Qxe3 Qc7 31. Kb1 Bd6 32. h4 Kb8 33. g4
Rf4 34. Qe2 Be5 35. h5 h6 36. c3 Qb7 37. Bd3 Qd7 38. Bb5 Qb7 39. Bd3 Qc6 40.
Bc2 Ka7 41. Ka2 Qd7 42. Bd1 Bc7 43. Bb3 Qxg4 44. Qb5 Rxe4 45. Qc6 Kb8 46. Qxh6
Re5 47. Qh8+ Qc8 48. Qh7 Re2 49. h6 Be5 50. Qd3 Rh2 51. Qe3 Qc5 52. Qd3 Qxc3
53. Qd8+ Ka7 54. Qe7+ Qc7 0-1